000 00935nam a2200349 a 4500
003 AR-BaBNM
005 20251128205850.0
008 082120s2002 ||||||||||||||000 | spa||
020 _a84-8164-024-7
040 _cAR-BaBNM
245 0 0 _aRazonamiento y comprensión
260 _aMadrid
_bTrotta
_c1995
300 _a438 p.
_bgráfs., tablas
490 0 _aEstructuras y procesos. Cognitiva
504 _aBibliografía: p. 393-429
650 4 _aPSICOLOGIA DE LA EDUCACION
650 4 _aRAZONAMIENTO
650 4 _aCOMPRENSION
650 4 _aCONOCIMIENTO
650 4 _aCONCEPTOS
650 4 _aINSTRUCCION
650 4 _aLENGUAJE
650 4 _aMEMORIA
653 _aANALOGIA
653 _aMETACOGNICION
700 1 _aCarretero, Mario
_eeditor
700 1 _aAlmaraz, Julián
_eeditor
700 1 _aFernández Berrocal, Pablo
_eeditor
800 1 _aPeraita, Herminia
_ecoordinador
942 _cBK
998 _carturo
999 _c13072
_d13072